Dogs

Bibliographic Details
Main Author: Rees, Yvonne
Format: Book
Published: New York : Crescent Books , 1991
Series:Nature library
Subjects:

MARC

LEADER 00000cam a2200000 7i4500
001 0000005500
002 000005945
005 20000330.0
020 |a 0517051524 
090 0 0 |a J 636.7   |b REE 
100 1 |a Rees, Yvonne 
245 1 0 |a Dogs   |c Yvonne Rees 
260 |a New York :   |b Crescent Books ,   |c 1991 
300 |a 62 p. ;   |c 29 cm. 
490 0 |a Nature library 
650 0 0 |a Dogs   |x Juvenile literature 
999 |a 027189   |b BUKU   |c PINJAMAN   |e PERPUSTAKAAN KOMUNITI PETALING JAYA